| Tag |
First Indicator |
Second Indicator |
Subfields |
| LEADER |
00000cam a2200000 a 4500 |
| 001 |
in00000090919 |
| 005 |
20151008063822.0 |
| 008 |
790621s1979 gw a b 00110 eng d |
| 020 |
|
|
|a 3443130135
|
| 035 |
|
|
|a (OCoLC)05091397
|
| 035 |
|
|
|9 AAK2985AM
|
| 040 |
|
|
|a GIS
|c GIS
|d OCL
|d TXA
|d UtOrBLW
|
| 049 |
|
|
|a TXAM
|c [1804388]
|
| 090 |
|
|
|a TN269
|b .G35 no.9
|
| 100 |
1 |
|
|a Habberjam, G. M.
|
| 245 |
1 |
0 |
|a Apparent resistivity observations and the use of square array techniques /
|c by G.M. Habberjam.
|
| 264 |
|
1 |
|a Berlin ;
|a Stuttgart :
|b Gebr. Borntraeger,
|c 1979.
|
| 300 |
|
|
|a vii, 152 pages :
|b illustrations ;
|c 25 cm.
|
| 336 |
|
|
|a text
|b txt
|2 rdacontent
|
| 337 |
|
|
|a unmediated
|b n
|2 rdamedia
|
| 338 |
|
|
|a volume
|b nc
|2 rdacarrier
|
| 490 |
1 |
|
|a Geoexploration monographs. Series 1 ;
|v no. 9
|
| 500 |
|
|
|a Includes index.
|
| 504 |
|
|
|a Bibliography: pages [141]-142.
|
| 650 |
|
0 |
|a Earth resistance (Geophysics)
|
| 650 |
|
0 |
|a Electric resistance.
|
| 830 |
|
0 |
|a Geoexploration monographs. Series 1 ;
|v no. 9.
|
| 999 |
|
|
|a MARS
|
| 999 |
f |
f |
|s 0c28bbb6-ea5e-3752-980e-850aaf87f9f3
|i e1a7cb1e-49d4-3b34-86a3-0742fffffd62
|t 0
|
| 952 |
f |
f |
|p ric
|a Texas A&M University
|b Rellis Campus
|c Joint Library Facility
|d Remote Storage
|t 0
|e TN269 .G35 no.9
|h Library of Congress classification
|i unmediated -- volume
|m A14806254743
|
| 998 |
f |
f |
|a TN269 .G35 no.9
|t 0
|l Remote Storage
|